| Tag |
First Indicator |
Second Indicator |
Subfields |
| LEADER |
00000cam a2200000 4500 |
| 001 |
in00001178521 |
| 005 |
20151001090933.0 |
| 008 |
811228s1914 enk 001 0 eng c |
| 010 |
|
|
|a a 14001362
|
| 035 |
|
|
|a (OCoLC)08022864
|
| 035 |
|
|
|9 AGG0621AM
|
| 040 |
|
|
|a Springfield, Mass. City Library
|c AZU
|d AZU
|d UtOrBLW
|
| 049 |
|
|
|a TXAM
|
| 090 |
|
|
|a DA965.C25
|b P43 1914
|
| 100 |
1 |
|
|a Peel, George,
|c Hon.,
|d 1868-
|
| 245 |
1 |
4 |
|a The reign of Sir Edward Carson /
|c by Hon. George Peel.
|
| 264 |
|
1 |
|a London :
|b P. S. King & Son,
|c 1914.
|
| 300 |
|
|
|a xi, 240 pages ;
|c 19 cm.
|
| 336 |
|
|
|a text
|b txt
|2 rdacontent
|
| 337 |
|
|
|a unmediated
|b n
|2 rdamedia
|
| 338 |
|
|
|a volume
|b nc
|2 rdacarrier
|
| 504 |
|
|
|a Includes bibliographical references and index.
|
| 600 |
1 |
0 |
|a Carson, Edward Henry Carson,
|c Baron,
|d 1854-1935.
|
| 651 |
|
0 |
|a Ireland
|x Politics and government
|y 1910-1921.
|
| 650 |
|
0 |
|a Home rule
|z Ireland.
|
| 999 |
|
|
|a MARS
|
| 999 |
f |
f |
|s 8007ff4e-93e9-31cb-bda6-197392c4e6c4
|i 7eff5827-b087-3daa-ae45-eb97f38c1461
|t 0
|
| 952 |
f |
f |
|p normal
|a Texas A&M University
|b College Station
|c Sterling C. Evans Library
|d Evans: Library Stacks
|t 0
|e DA965.C25 P43 1914
|h Library of Congress classification
|i unmediated -- volume
|m A14818467506
|
| 998 |
f |
f |
|a DA965.C25 P43 1914
|t 0
|l Evans: Library Stacks
|